[Event "Chigorin Memorial 23rd"]
[Site "St Petersburg"]
[Date "2015.10.10"]
[Round "8"]
[White "Hakobyan, Hovhannes H"]
[Black "Volkov, Anton"]
[Result "1/2-1/2"]
[WhiteElo "2043"]
[BlackElo "2255"]
[PlyCount "83"]
[EventDate "2015.10.03"]
[EventType "swiss"]
[EventRounds "9"]
[EventCountry "RUS"]
[SourceTitle "CBM 168 Extra"]
[Source "ChessBase"]
[SourceDate "2015.10.29"]
[SourceVersion "1"]
[SourceVersionDate "2015.10.29"]
[SourceQuality "1"]

1. e4 e5 2. Nf3 Nc6 3. d4 exd4 4. Nxd4 Bb4+ 5. c3 Bc5 6. Nxc6 bxc6 7. Bd3 d6 8. Qe2 Ne7 9. Nd2 Ng6 10. Nc4 a5 11. 0-0 Qh4 12. Kh1 0-0 13. f4 d5 14. Ne5 Nxe5 15. fxe5 Bg4 16. Qc2 Rae8 17. Bf4 Re6 18. a3 Bb6 19. b4 axb4 20. axb4 h6 21. Rae1 Bh5 22. Bg3 Qe7 23. exd5 cxd5 24. c4 c6 25. Qb3 Bg6 26. Bxg6 Rxg6 27. cxd5 cxd5 28. Qxd5 Qxb4 29. Qd7 Qg4 30. Qxg4 Rxg4 31. e6 fxe6 32. Rxf8+ Kxf8 33. Rxe6 Rc4 34. h3 Rc1+ 35. Re1 Rxe1+ 36. Bxe1 Kf7 37. g4 Bd4 38. Kg2 g6 39. Kf3 Ke6 40. h4 h5 41. gxh5 gxh5 42. Kf4 1/2-1/2

[Event "Voronezh op-B 15th"]
[Site "Voronezh"]
[Date "2011.06.17"]
[Round "6"]
[White "Potapov, Alexander"]
[Black "Volkov, Anton"]
[Result "1/2-1/2"]
[WhiteElo "2243"]
[BlackElo "2209"]
[PlyCount "98"]
[EventDate "2011.06.12"]
[EventType "swiss"]
[EventRounds "9"]
[EventCountry "RUS"]
[SourceTitle "CBM 143 Extra"]
[Source "ChessBase"]
[SourceDate "2011.08.29"]
[SourceVersion "1"]
[SourceVersionDate "2011.08.29"]
[SourceQuality "1"]

1. d4 Nf6 2. Nf3 g6 3. c4 Bg7 4. Nc3 0-0 5. g3 d6 6. Bg2 Nc6 7. 0-0 a6 8. b3 Rb8 9. Nd5 b5 10. Nxf6+ Bxf6 11. Bh6 Re8 12. Rc1 b4 13. d5 Na7 14. Nd4 Bd7 15. Be3 Qc8 16. Qd3 c5 17. dxc6 Nxc6 18. Nxc6 Bxc6 19. Bxc6 Qxc6 20. Rfd1 Rec8 21. Bh6 a5 22. e4 Ra8 23. Qf3 Bg7 24. Bxg7 Kxg7 25. h4 h5 26. Rd5 a4 27. Rcd1 axb3 28. axb3 Ra3 29. R1d3 Rca8 30. Rb5 Ra1+ 31. Kg2 Re1 32. Re3 Raa1 33. Rxe1 Rxe1 34. Rxb4 Qxe4 35. Qxe4 Rxe4 36. Rb6 f5 37. Kf3 Kf7 38. Rc6 Kg7 39. b4 d5 40. b5 d4 41. Rc7 d3 42. c5 Re5 43. b6 d2 44. Rd7 Rxc5 45. Ke2 Rb5 46. Rxe7+ Kf6 47. Rb7 Rb2 48. Rb8 Kg7 49. b7 Kh7 1/2-1/2

[Event "Moscow op-B"]
[Site "Moscow"]
[Date "2009.11.20"]
[Round "1"]
[White "Knyazev, Nikolay"]
[Black "Volkov, Anton"]
[Result "0-1"]
[WhiteElo "1999"]
[BlackElo "2268"]
[PlyCount "80"]
[EventDate "2009.01.31"]
[EventType "swiss"]
[EventRounds "9"]
[EventCountry "RUS"]
[SourceTitle "EXT 2012"]
[Source "ChessBase"]
[SourceDate "2011.11.24"]
[SourceVersion "1"]
[SourceVersionDate "2011.11.24"]
[SourceQuality "1"]

1. e4 Nf6 2. e5 Nd5 3. d4 d6 4. c4 Nb6 5. f4 dxe5 6. fxe5 Nc6 7. Be3 Bf5 8. Nc3 e6 9. Nf3 Be7 10. Be2 0-0 11. 0-0 f6 12. exf6 Bxf6 13. Qd2 Qe7 14. Rad1 Rad8 15. Qc1 h6 16. b3 Kh8 17. h3 Bh7 18. Rf2 Rfe8 19. Bf1 Rd7 20. Re2 Qf7 21. g3 Red8 22. Red2 Nc8 23. Bg2 Nd6 24. d5 exd5 25. Rxd5 Ne4 26. Nxe4 Bxe4 27. Rxd7 Rxd7 28. Rxd7 Qxd7 29. Qd2 Qe6 30. Bf4 Bxf3 31. Bxf3 Qxh3 32. Bg2 Qe6 33. Bd5 Qg4 34. Bxc7 Ne5 35. Kg2 b6 36. a4 Ng6 37. Qe3 Qd7 38. Bb8 Ne7 39. Qe6 Qxe6 40. Bxe6 Nc6 0-1

[Event "Vladimir op-B"]
[Site "Vladimir"]
[Date "2008.08.21"]
[Round "9"]
[White "Volkov, Anton"]
[Black "Gutkin, Boris2222"]
[Result "0-1"]
[WhiteElo "2195"]
[BlackElo "2202"]
[PlyCount "80"]
[EventDate "2008.08.12"]
[EventType "swiss"]
[EventRounds "10"]
[EventCountry "RUS"]
[SourceTitle "CBM 126 Extra"]
[Source "ChessBase"]
[SourceDate "2008.11.05"]
[SourceVersion "1"]
[SourceVersionDate "2008.11.05"]
[SourceQuality "1"]

1. d4 d5 2. Bf4 Nf6 3. e3 Bf5 4. c4 c6 5. Qb3 Qb6 6. Nc3 e6 7. c5 Qxb3 8. axb3 Nbd7 9. b4 Nh5 10. Nf3 Nxf4 11. exf4 Be7 12. b5 0-0 13. Be2 cxb5 14. Nxb5 a6 15. Nc3 Nb8 16. h3 Nc6 17. 0-0 Be4 18. Rfd1 Bxf3 19. Bxf3 Bf6 20. Ne2 Rfb8 21. f5 b6 22. fxe6 fxe6 23. Bg4 Kf7 24. Nf4 Nxd4 25. Rxd4 Bxd4 26. Bxe6+ Kf6 27. Bxd5 bxc5 28. Bxa8 Rxa8 29. Nd5+ Ke6 30. Nc3 Rb8 31. Nd1 Rb6 32. Kf1 Kd5 33. Ra4 Bxb2 34. Ne3+ Kc6 35. Nc4 Rb8 36. Nxb2 Rxb2 37. Rxa6+ Kd5 38. Ra7 c4 39. Rxg7 c3 40. Ke1 Rb1+ 0-1

[Event "Vladimir op-B"]
[Site "Vladimir"]
[Date "2008.08.19"]
[Round "7"]
[White "Volkov, Anton"]
[Black "Zuykov, Andrei"]
[Result "1/2-1/2"]
[WhiteElo "2195"]
[BlackElo "2296"]
[PlyCount "106"]
[EventDate "2008.08.12"]
[EventType "swiss"]
[EventRounds "10"]
[EventCountry "RUS"]
[SourceTitle "CBM 126 Extra"]
[Source "ChessBase"]
[SourceDate "2008.11.05"]
[SourceVersion "1"]
[SourceVersionDate "2008.11.05"]
[SourceQuality "1"]

1. d4 Nf6 2. Nf3 e6 3. Bf4 b6 4. e3 Bb7 5. h3 Be7 6. Bd3 c5 7. 0-0 0-0 8. Nbd2 d6 9. c3 h6 10. Qe2 Nbd7 11. Bh2 Re8 12. Ba6 Qc8 13. Bxb7 Qxb7 14. Rad1 Rad8 15. Rfe1 Nf8 16. e4 cxd4 17. Nxd4 a6 18. N2f3 N8d7 19. e5 dxe5 20. Nxe5 Nxe5 21. Bxe5 b5 22. Rd3 Rd5 23. Red1 Red8 24. Nf3 Rxd3 25. Rxd3 Rxd3 26. Qxd3 Qd5 27. Qxd5 Nxd5 28. Kf1 f6 29. Bd4 Kf7 30. g3 e5 31. Ba7 Ke6 32. Ke2 Bd6 33. Ne1 Kd7 34. Nc2 Kc6 35. Be3 h5 36. Bd2 Bc5 37. Ne1 f5 38. Nf3 Kd6 39. Ng5 Ke7 40. h4 g6 41. b3 e4 42. Nh3 Kf6 43. Nf4 Nxf4+ 44. Bxf4 Ke6 45. c4 bxc4 46. bxc4 Kd7 47. Be3 Kc6 48. Kd2 Bd6 49. Kc3 Bc7 50. Kb3 Bd6 51. Ka4 Bc7 52. Kb4 Bd8 53. a4 Bc7 1/2-1/2

[Event "Vladimir op-B"]
[Site "Vladimir"]
[Date "2008.08.13"]
[Round "2"]
[White "Volkov, Anton"]
[Black "Mukhamadeev, Frangiz"]
[Result "1-0"]
[WhiteElo "2195"]
[BlackElo "1976"]
[PlyCount "89"]
[EventDate "2008.08.12"]
[EventType "swiss"]
[EventRounds "10"]
[EventCountry "RUS"]
[SourceTitle "CBM 126 Extra"]
[Source "ChessBase"]
[SourceDate "2008.11.05"]
[SourceVersion "1"]
[SourceVersionDate "2008.11.05"]
[SourceQuality "1"]

1. d4 Nf6 2. Nf3 e6 3. Bf4 b6 4. e3 Bb7 5. h3 Be7 6. Bd3 0-0 7. 0-0 Ne4 8. c4 d6 9. Nc3 f5 10. Bxe4 fxe4 11. Nd2 d5 12. Qg4 Rf6 13. f3 Rg6 14. Qh5 exf3 15. Qxf3 c6 16. Rad1 Nd7 17. e4 dxc4 18. Nxc4 Ba6 19. b3 Bb4 20. Rf2 Qe7 21. e5 Rf8 22. Ne4 Bxc4 23. bxc4 c5 24. a3 Ba5 25. Qe3 cxd4 26. Qxd4 Nc5 27. Nxc5 Qxc5 28. Qxc5 bxc5 29. Rd7 Bb6 30. a4 Rf7 31. Rxf7 Kxf7 32. Rb2 Ke8 33. Rb5 Kd8 34. a5 Bc7 35. a6 Kd7 36. Rb7 Kc6 37. Rxa7 Bb6 38. Rb7 Bc7 39. Kf2 h5 40. g3 Bb6 41. Kf3 Bc7 42. g4 hxg4+ 43. hxg4 Bb6 44. g5 Bc7 45. Kg4 1-0

[Event "Voronezh op-B"]
[Site "Voronezh"]
[Date "2008.06.18"]
[Round "7"]
[White "Volkov, Anton"]
[Black "Gritsenko, Vladimir"]
[Result "1-0"]
[WhiteElo "2195"]
[BlackElo "2234"]
[PlyCount "135"]
[EventDate "2008.06.12"]
[EventType "swiss"]
[EventRounds "9"]
[EventCountry "RUS"]
[SourceTitle "CBM 125 Extra"]
[Source "ChessBase"]
[SourceDate "2008.09.01"]
[SourceVersion "1"]
[SourceVersionDate "2008.09.01"]
[SourceQuality "1"]

1. e4 g6 2. d4 Bg7 3. Nc3 c6 4. Nf3 d5 5. h3 dxe4 6. Nxe4 Nf6 7. Nxf6+ exf6 8. Bd3 0-0 9. 0-0 a5 10. Bf4 Na6 11. c3 Nc7 12. Qc2 a4 13. Rad1 Nd5 14. Bd2 b5 15. c4 bxc4 16. Bxc4 Qd6 17. Rc1 Bf5 18. Bd3 Bxd3 19. Qxd3 Rfb8 20. Rc2 Rb6 21. Rb1 f5 22. Rc4 Qb8 23. Qc2 a3 24. b3 Qb7 25. Rc1 Rc8 26. Rc5 Qd7 27. Qc4 Re8 28. Rxc6 Rbb8 29. Rc5 Nb6 30. Qb5 Bf8 31. Qxd7 Nxd7 32. Rc7 Nf6 33. R1c6 Nd5 34. Kf1 Bb4 35. Ra6 Ra8 36. Rxa8 Rxa8 37. Rc4 Rb8 38. Bc1 f6 39. Ne1 Kf7 40. Nc2 Be7 41. Bxa3 Bxa3 42. Nxa3 Nb4 43. d5 Rb7 44. Rc5 Nxa2 45. d6 Ke6 46. Nc4 Nc1 47. Rc8 Nxb3 48. Re8+ Kf7 49. Rh8 Ke6 50. Re8+ Kf7 51. Rc8 Ke6 52. g3 Nd4 53. Re8+ Kf7 54. Rc8 Ke6 55. Kg2 Nb5 56. Re8+ Kd5 57. d7 Rxd7 58. Nb6+ Kd6 59. Nxd7 Kxd7 60. Rh8 Ke6 61. Rxh7 Nd6 62. Rg7 f4 63. Rxg6 fxg3 64. fxg3 Nf5 65. Kf3 Kf7 66. Rg4 Ne7 67. h4 f5 68. Ra4 1-0

[Event "Voronezh op-B"]
[Site "Voronezh"]
[Date "2008.06.13"]
[Round "2"]
[White "Kornilov, Peter"]
[Black "Volkov, Anton"]
[Result "0-1"]
[WhiteElo "2049"]
[BlackElo "2195"]
[PlyCount "62"]
[EventDate "2008.06.12"]
[EventType "swiss"]
[EventRounds "9"]
[EventCountry "RUS"]
[SourceTitle "CBM 125 Extra"]
[Source "ChessBase"]
[SourceDate "2008.09.01"]
[SourceVersion "1"]
[SourceVersionDate "2008.09.01"]
[SourceQuality "1"]

1. e4 Nf6 2. Nc3 d5 3. exd5 Nxd5 4. Bc4 c6 5. Qf3 Nf6 6. h3 Nbd7 7. Qe2 Nb6 8. Bb3 Bf5 9. d3 e6 10. Nf3 Be7 11. Bf4 0-0 12. 0-0 Nbd5 13. Be5 Nd7 14. Nxd5 exd5 15. Bf4 Re8 16. Qd2 Nc5 17. Nd4 Bg6 18. Rae1 a5 19. a4 Qb6 20. Be3 Bd6 21. Nf3 Qb4 22. Qxb4 axb4 23. Bxc5 Bxc5 24. d4 Bb6 25. Rxe8+ Rxe8 26. c3 Re2 27. a5 Rxb2 28. Ra1 Bc7 29. a6 bxa6 30. Ba4 bxc3 31. Rc1 c2 0-1

[Event "Moscow op-B 04th"]
[Site "Moscow"]
[Date "2008.02.09"]
[Round "8"]
[White "Volkov, Anton"]
[Black "Krivobokov, Aleksey"]
[Result "1-0"]
[WhiteElo "2212"]
[BlackElo "2067"]
[PlyCount "67"]
[EventDate "2008.02.02"]
[EventType "swiss"]
[EventRounds "9"]
[EventCountry "RUS"]
[SourceTitle "CBM 122 Extra"]
[Source "ChessBase"]
[SourceDate "2008.03.04"]
[SourceVersion "1"]
[SourceVersionDate "2008.03.04"]
[SourceQuality "1"]

1. d4 d5 2. Bf4 c5 3. e3 Nc6 4. c3 Nf6 5. Bd3 Bg4 6. Be2 Bxe2 7. Qxe2 e6 8. Nd2 Qb6 9. 0-0-0 Be7 10. Ngf3 Qa5 11. Kb1 c4 12. e4 b5 13. Ne5 Rc8 14. Bg5 b4 15. exd5 exd5 16. Bxf6 gxf6 17. Qg4 Rc7 18. Nxc6 Rxc6 19. Rc1 Kf8 20. Rhe1 Ra6 21. Qc8+ Kg7 22. Qg4+ Kf8 23. Qc8+ Bd8 24. cxb4 Qxa2+ 25. Kc2 Qa4+ 26. Kc3 Rd6 27. Ra1 Qd7 28. Qxd7 Rxd7 29. b3 cxb3 30. Nxb3 Bb6 31. Nc5 Re7 32. Kd3 Rg8 33. g3 Kg7 34. Rxe7 1-0